(Record no. 185918)

MARC details
000 -LEADER
fixed length control field 00422nam a2200157Ia 4500
003 - CONTROL NUMBER IDENTIFIER
control field IQ-KOUCL
041 ## - LANGUAGE CODE
Language code of text/sound track or separate title Arabic
082 ## - DEWEY DECIMAL CLASSIFICATION NUMBER
Classification number 340.346 cut 947 ب
100 ## - MAIN ENTRY--PERSONAL NAME
Personal name 20260118u\\\\\\\\\\\y0engy0103\\\\ba
Personal name وائل انور بندق
245 #0 - TITLE STATEMENT
Title موسوعة التحكيم
250 ## - EDITION STATEMENT
Edition statement ط1
260 ## - PUBLICATION, DISTRIBUTION, ETC. (IMPRINT)
Name of publisher, distributor, etc مكتبة الوفاء القانونية
Place of publication, distribution, etc الاسكندرية
Date of publication, distribution, etc 2019
300 ## - PHYSICAL DESCRIPTION
Extent 611
942 ## - ADDED ENTRY ELEMENTS (KOHA)
Koha item type Books
Holdings
Withdrawn status Lost status Damaged status Not for loan Collection code Home library Current library Shelving location Date acquired Total Checkouts Full call number Barcode Date last seen Copy number Price effective from Koha item type
        340-349 Koya University Central Library Koya University Central Library Books 18/01/2026   340.346 cut 947 ب 0000068711 18/01/2026 1 18/01/2026 Books